| 000 | 00000nas 2200000zi 4500 |
| 001 | 9.936837 |
| 003 | CaOODSP |
| 005 | 20240418105955 |
| 006 | m o d f |
| 007 | cr ||||||||||| |
| 008 | 240415d20192020mbcar p o f0###a0eng|d |
| 040 | |aCaOODSP|beng|erda|cCaOODSP |
| 043 | |an-cn--- |
| 086 | 1 |aCC192-2E-PDF |
| 110 | 2 |aFreshwater Fish Marketing Corporation (Canada)|eauthor, |eissuing body. |
| 245 | 10|aAnnual report on the Access to Information Act for the period April 1, ... to March 31, ... |
| 264 | 1|a[Winnipeg] : |bFreshwater Fish Marketing Corporation, |c[2019?]-[2020] |
| 310 | |aAnnual |
| 336 | |atext|btxt|2rdacontent |
| 337 | |acomputer|bc|2rdamedia |
| 338 | |aonline resource|bcr|2rdacarrier |
| 362 | 1 |aBegan with: 2018/2019; ceased with: 2019/2020. |
| 500 | |aReport year ends March 31. |
| 500 | |aIssued also in French under title: Rapport annuel sur la Loi sur l'accès à l'information pour la période allant du 1er avril ... au 31 mars ... |
| 588 | |aDescription based on: 2018/2019; title from PDF cover page. |
| 588 | |aLatest issue consulted: 2019/2020. |
| 610 | 20|aFreshwater Fish Marketing Corporation (Canada)|vPeriodicals. |
| 610 | 10|aCanada. |tAccess to Information Act|vPeriodicals. |
| 650 | 0|aGovernment information|zCanada|vPeriodicals. |
| 650 | 0|aFreedom of information|zCanada|vPeriodicals. |
| 655 | 7|aPeriodicals|2lcgft |
| 775 | 08|tRapport annuel sur la Loi sur l'accès à l'information pour la période allant du 1er avril ... au 31 mars ...|w(CaOODSP)9.936840 |
| 785 | 00|tAnnual report on the Access to Information Act and the Privacy Act for the period April 1, ... to March 31, ...|w(CaOODSP)9.936919 |